Library Logo

Pioneer International University Library Catalogue

Organizational behavior / (Record no. 9187)

MARC details
000 -LEADER
fixed length control field 00859nam a2200277 a 4500
001 - CONTROL NUMBER
control field 551049
003 - CONTROL NUMBER IDENTIFIER
control field OSt
005 - DATE AND TIME OF LATEST TRANSACTION
control field 20250901165801.0
008 - FIXED-LENGTH DATA ELEMENTS--GENERAL INFORMATION
fixed length control field 900103s1989 maua b 001 0 eng
010 ## - LIBRARY OF CONGRESS CONTROL NUMBER
LC control number 88081348
020 ## - INTERNATIONAL STANDARD BOOK NUMBER
International Standard Book Number 0395433347
040 ## - CATALOGING SOURCE
Original cataloging agency DLC
Transcribing agency DLC
Modifying agency DLC
050 00 - LIBRARY OF CONGRESS CALL NUMBER
Classification number HD 58 .7 .G74 1989
Item number .G74 1989
082 00 - DEWEY DECIMAL CLASSIFICATION NUMBER
Classification number 658.4
Edition information 20
100 1# - MAIN ENTRY--PERSONAL NAME
Personal name Moorhead, Gregory.
245 10 - TITLE STATEMENT
Title Organizational behavior /
Statement of responsibility, etc. Gregory Moorhead, Ricky W. Griffin.
250 ## - EDITION STATEMENT
Edition statement 2nd ed.
260 ## - PUBLICATION, DISTRIBUTION, ETC.
Place of publication, distribution, etc. Boston :
Name of publisher, distributor, etc. Houghton Mifflin Co.,
Date of publication, distribution, etc. c1989.
300 ## - PHYSICAL DESCRIPTION
Extent xxii, 807 p. :
Other physical details ill. (some col.) ;
Dimensions 24 cm.
500 ## - GENERAL NOTE
General note Griffin's name appears first on the earlier edition.
504 ## - BIBLIOGRAPHY, ETC. NOTE
Bibliography, etc. note Includes bibliographical references.
650 #0 - SUBJECT ADDED ENTRY--TOPICAL TERM
Topical term or geographic name entry element Organizational behavior.
700 1# - ADDED ENTRY--PERSONAL NAME
Personal name Griffin, Ricky W.
906 ## - LOCAL DATA ELEMENT F, LDF (RLIN)
a 7
b cbc
c orignew
d 3
e opcn
f 19
g y-gencatlg
942 ## - ADDED ENTRY ELEMENTS (KOHA)
Source of classification or shelving scheme Library of Congress Classification
Koha item type Books
Holdings
Withdrawn status Lost status Source of classification or shelving scheme Damaged status Not for loan Home library Current library Shelving location Date acquired Total checkouts Full call number Barcode Date last seen Price effective from Koha item type
    Library of Congress Classification     Main Library Main Library   12/11/2024   HD 58 .7 .G74 1989 PIU0003687 12/11/2024 12/11/2024 Books